| Tag |
First Indicator |
Second Indicator |
Subfields |
| LEADER |
00000cam a2200000 4500 |
| 001 |
in00000457708 |
| 005 |
20151012093335.0 |
| 008 |
720814s1922 nyu 00010 eng d |
| 010 |
|
|
|a 22016154
|
| 035 |
|
|
|a (OCoLC)00381645
|
| 035 |
|
|
|9 ABY8281AM
|
| 040 |
|
|
|a WSU
|c WSU
|d TXA
|d UtOrBLW
|
| 049 |
|
|
|a TXAM
|c [1016251]
|
| 090 |
|
|
|a BR525
|b .B8
|
| 100 |
1 |
|
|a Brown, William Adams,
|d 1865-1943.
|
| 245 |
1 |
4 |
|a The church in America ;
|b a study of the present condition and future prospects of American Protestantism /
|c by William Adams Brown.
|
| 264 |
|
1 |
|a New York :
|b Macmillan,
|c 1922.
|
| 300 |
|
|
|a xv, 378 pages
|
| 336 |
|
|
|a text
|b txt
|2 rdacontent
|
| 337 |
|
|
|a unmediated
|b n
|2 rdamedia
|
| 338 |
|
|
|a volume
|b nc
|2 rdacarrier
|
| 650 |
|
0 |
|a Protestants
|z United States.
|
| 650 |
|
0 |
|a Christian sociology.
|
| 651 |
|
0 |
|a United States
|x Church history.
|
| 999 |
|
|
|a MARS
|
| 999 |
f |
f |
|s d9188d33-cb65-3bd8-8fac-c2c568cb6909
|i 201e7f3a-c40f-36cd-8088-a4f1c115caca
|t 0
|
| 952 |
f |
f |
|p ric
|a Texas A&M University
|b Rellis Campus
|c Joint Library Facility
|d Remote Storage
|t 0
|e BR525 .B8
|h Library of Congress classification
|i unmediated -- volume
|m A14801769573
|
| 998 |
f |
f |
|a BR525 .B8
|t 0
|l Remote Storage
|